| 000 | 01106nam a2200265 i 4500 | ||
|---|---|---|---|
| 003 | EG-GICUC | ||
| 005 | 20260513115037.0 | ||
| 008 | 260415s1896 fr |||fr|||| 00| 0 fre d | ||
| 040 |
_aEG-GiCUC _bfre _cEG-GiCUC _dEG-GiCUC _eRda |
||
| 082 | 0 | 4 |
_221 _a343 _bNO . T |
| 092 | 0 | 4 | _221 |
| 099 | _aLaw1 10 343 NO . T 1896 | ||
| 100 | 1 |
_aNormand, A _eAuteur |
|
| 245 | 1 | 0 |
_aTraité Élémentaire De Droit Criminel : _bComprenant Une Introduction Philosophique Et Une Introduction Historique L'explication Des Principes Généraux Du Code Penal De Code D'instruction Criminelle Et L'analyse Des Lois Les Plus Importantes Qui Ont Modifié Ou Complété Ces Deux Codes Depuis Leur Promulgation Jusqu'en 1806 / _cPar A. Normand. |
| 264 | 1 |
_aParis : _bA. Pedone, Éditeur, _c1896. |
|
| 300 |
_a800 page ; _c 24 cm. |
||
| 336 |
_2rda contenu _a texte |
||
| 337 |
_2rda medias _aOrdinateur |
||
| 338 |
_2 transporteur rda _a Ressource en ligne |
||
| 650 | 1 |
_aDroit Do Pénal _2qrmak |
|
| 651 | 1 | _2qrmak | |
| 856 | 4 | 0 | _uhttps://fll.law.cu.edu.eg/fulltext/bks/B10-09289.pdf |
| 905 | _a54 | ||
| 942 |
_2ddc _cBK _e21 _n0 |
||
| 999 |
_c71004 _d71004 |
||